00896nam a2200253 u 450000100100000000500170001000800410002704100140006808200190008210000450010124501280014625000120027426000430028630000110032949000160034050000220035650000530037850400420043160000610047365000180053465000300055270000230058270000370060500005456220200120222855.0130527s1964 sp gr 001 0 spa d1 a|spabfre04a230.2bN282211 aNewman, John Henry,cCardenald1801-189010aPensamientos sobre la iglesia /cJohn Henry Newman ; textos presentados por O. Karrer ; traducción de Sebastián Fuster. a1a. ed. aBarcelona (España) :bEstela,c1964. a405 p. 0aEcclesiav8 aIncluye índices aTítulo original : Kardinal Newman / Die Kirche aIncluye referencias bibliográficas.17aNewman, John Henry,cCardenald1801-1890xVida religiosa27aIglesia2LEMB17aVerdad (Teología)2LEMB1 aKarrer,cO.ecomp.1 aFuster, Sebastián,cO.P.,etr.